000 00482nam a22001817a 4500
005 20260530164533.0
008 260530b |||||||| |||| 00| 0 eng d
020 _a9783110402179
_c3736.15
040 _aMAIN
041 _aGerman
082 _a801.93
_bKOS
100 _aKosenina, Alexander
_926947
245 _aLiterarische Anthropologie
_b: Die Neuentdeckung des Menschen
260 _aBerlin
_bDe Gruyter
_c2016
300 _a254
650 _aGerman Language
942 _cBK
999 _c60946
_d60946